[Event "Veteranen- en  Seniorenkampioenschap 20"]
[Site "Oosterbeek, Netherlands"]
[Date "2010.07.14"]
[Round "5"]
[White "Leeuwen, Etienne van"]
[Black "Scholten, Karel"]
[Result "0-1"]
[WhiteElo "2057"]
[BlackElo "1961"]
[PlyCount "60"]
[EventDate "2010.??.??"]

1. e4 c5 2. Nf3 d6 3. d4 cxd4 4. Nxd4 Nf6 5. Nc3 a6 6. Bc4 e6 7. Bb3 b5 8. Bg5
Be7 9. Qf3 Qb6 10. O-O-O O-O 11. Qg3 Nc6 12. Nxc6 Qxc6 13. Bh6 Ne8 14. f4 Kh8
15. Bg5 f6 16. Bh4 a5 17. f5 a4 18. Bxe6 Bxe6 19. fxe6 Nc7 20. Nd5 Nxd5 21.
exd5 Qc4 22. Qf2 Qxa2 23. Qd4 Rfc8 24. Bf2 a3 25. Kd2 axb2 26. Rb1 Ra4 27. Qxb2
Qxd5+ 28. Kc1 Qxg2 29. Qxb5 Qxh1+ 30. Kd2 Qe4 0-1

[Event "Veteranen- en  Seniorenkampioenschap 20"]
[Site "Oosterbeek, Netherlands"]
[Date "2010.07.14"]
[Round "5"]
[White "Wouters, Jan"]
[Black "Duijn, Roel van"]
[Result "0-1"]
[WhiteElo "1923"]
[BlackElo "2056"]
[PlyCount "76"]
[EventDate "2010.??.??"]

1. e4 e6 2. d4 d5 3. e5 c5 4. c3 Nc6 5. Nf3 Qb6 6. a3 Bd7 7. b4 cxd4 8. cxd4
Rc8 9. Be3 Nh6 10. Nbd2 Nf5 11. Bd3 Nxe3 12. fxe3 g6 13. O-O Bh6 14. Qe2 O-O
15. Nb3 Qd8 16. Rac1 Qe7 17. Nc5 Rc7 18. Rc2 Bc8 19. g4 b6 20. Na6 Bxa6 21.
Bxa6 Nb8 22. Bd3 Rxc2 23. Bxc2 Rc8 24. Qd3 Qc7 25. g5 Bf8 26. Rf2 a5 27. bxa5
bxa5 28. Bd1 Qc1 29. Kg2 Qxa3 30. Qxa3 Bxa3 31. Rc2 Rxc2+ 32. Bxc2 Nd7 33. Bd3
Nb6 34. Ne1 a4 35. Bb5 Bb2 36. Bd3 a3 37. Bb1 Na4 38. Nd3 Nc3 0-1

[Event "Veteranen- en  Seniorenkampioenschap 20"]
[Site "Oosterbeek, Netherlands"]
[Date "2010.07.14"]
[Round "5"]
[White "Boer, Jacob de"]
[Black "Taal, Anne Paul"]
[Result "1/2-1/2"]
[WhiteElo "1928"]
[BlackElo "1944"]
[PlyCount "40"]
[EventDate "2010.??.??"]

1. d4 d5 2. c4 c6 3. Nf3 e6 4. e3 Nf6 5. Nc3 Bd6 6. Bd3 Nbd7 7. O-O O-O 8. Qc2
Qe7 9. e4 dxc4 10. Bxc4 e5 11. dxe5 Nxe5 12. Nxe5 Bxe5 13. Re1 Ng4 14. h3 Qh4
15. Be3 Nxe3 16. Rxe3 Qf4 17. g3 Qh6 18. h4 g5 19. hxg5 Qxg5 20. Kg2 Kg7
1/2-1/2

[Event "Veteranen- en  Seniorenkampioenschap 20"]
[Site "Oosterbeek, Netherlands"]
[Date "2010.07.14"]
[Round "5"]
[White "Peut, Aart van de"]
[Black "Scheeren, Fred"]
[Result "1-0"]
[WhiteElo "1886"]
[BlackElo "2005"]
[PlyCount "91"]
[EventDate "2010.??.??"]

1. e4 c5 2. Nc3 Nc6 3. g3 g6 4. Bg2 Bg7 5. d3 d6 6. Be3 e6 7. f4 Nge7 8. Nf3
Nd4 9. O-O O-O 10. e5 Nef5 11. Bf2 Nxf3+ 12. Qxf3 Nd4 13. Qd1 dxe5 14. fxe5
Bxe5 15. Ne4 Nc6 16. c3 b6 17. Nxc5 Qc7 18. Qf3 bxc5 19. Qxc6 Qxc6 20. Bxc6 Rb8
21. Bxc5 Rd8 22. d4 Bd6 23. b4 Bxc5 24. dxc5 Ba6 25. Rfd1 Bc4 26. Ba4 Kf8 27.
Bb3 Be2 28. Rxd8+ Rxd8 29. Kf2 Bg4 30. Ke3 e5 31. Rf1 Rd7 32. b5 f5 33. c6 Rc7
34. a4 Ke8 35. Rf2 Bh3 36. Rd2 Ke7 37. Rd5 Kf6 38. Rd6+ Kg5 39. Kf2 f4 40.
gxf4+ Kxf4 41. Be6 Bxe6 42. Rxe6 Ke4 43. Rd6 Rf7+ 44. Ke2 Rf3 45. c7 Rxc3 46.
Rc6 1-0

[Event "Veteranen- en  Seniorenkampioenschap 20"]
[Site "Oosterbeek, Netherlands"]
[Date "2010.07.15"]
[Round "6"]
[White "Homs, Guust"]
[Black "Böhm, Hans"]
[Result "0-1"]
[WhiteElo "2189"]
[BlackElo "2262"]
[PlyCount "100"]
[EventDate "2010.??.??"]

1. e4 d6 2. d4 g6 3. g3 Bg7 4. Bg2 c5 5. c3 Nc6 6. dxc5 dxc5 7. Qxd8+ Nxd8 8.
Be3 b6 9. e5 Bb7 10. Bxb7 Nxb7 11. f4 Nh6 12. Nf3 Nf5 13. Bf2 f6 14. g4 Nh6 15.
h3 Nf7 16. Bg3 fxe5 17. fxe5 Nbd8 18. Nbd2 Bh6 19. O-O Bxd2 20. Nxd2 Ne6 21.
Rad1 h5 22. Kg2 hxg4 23. hxg4 Rd8 24. Nc4 O-O 25. Ne3 Rxd1 26. Rxd1 Rd8 27. Nd5
Kf8 28. c4 Nc7 29. Rf1 Ne6 30. Bh4 Rd7 31. Rf2 Ke8 32. Bg3 Nh6 33. Kh3 Nf7 34.
Kg2 b5 35. b3 bxc4 36. bxc4 Rb7 37. Re2 Rb1 38. Bh4 g5 39. Bg3 a5 40. a4 Rb3
41. Re3 Rb2+ 42. Kh3 Nh8 43. Rf3 Ng6 44. Rf1 Rc2 45. Nb6 Re2 46. Rf5 Re4 47.
Bh2 Nh4 48. Rf2 Re3+ 49. Bg3 Nf4+ 50. Kh2 Nf3+ 0-1

[Event "Veteranen- en  Seniorenkampioenschap 20"]
[Site "Oosterbeek, Netherlands"]
[Date "2010.07.15"]
[Round "6"]
[White "Vlam, Horatio"]
[Black "Berg, Ad van den"]
[Result "1-0"]
[WhiteElo "2086"]
[BlackElo "2211"]
[PlyCount "85"]
[EventDate "2010.??.??"]

1. c4 c5 2. Nf3 g6 3. d4 cxd4 4. Nxd4 Bg7 5. e4 Nc6 6. Be3 Nf6 7. Nc3 Ng4 8.
Qxg4 Nxd4 9. Qd1 Ne6 10. Be2 Bxc3+ 11. bxc3 b6 12. f4 Bb7 13. f5 Nc5 14. Qd4 f6
15. e5 Bxg2 16. fxg6 hxg6 17. Qg4 Be4 18. Bxc5 Bf5 19. Qg3 bxc5 20. exf6 exf6
21. O-O Kf7 22. Rxf5 gxf5 23. Bf3 Qb8 24. Bd5+ Kf8 25. Qf2 Rh5 26. Qxc5+ d6 27.
Qc6 Kg7 28. Qxa8 Qb6+ 29. Kh1 Rxh2+ 30. Kxh2 Qb2+ 31. Bg2 Qxa1 32. Qxa7+ Kg6
33. Qf2 f4 34. Qxf4 Qxa2 35. Kg3 Qa3 36. Be4+ Kg7 37. Qg4+ Kf8 38. Qc8+ Ke7 39.
Qc7+ Kf8 40. Qd8+ Kf7 41. Bd5+ Kg7 42. Qe7+ Kg6 43. Qf7+ 1-0

[Event "Veteranen- en  Seniorenkampioenschap 20"]
[Site "Oosterbeek, Netherlands"]
[Date "2010.07.15"]
[Round "6"]
[White "Vogel, Jaap"]
[Black "Klein, Ron"]
[Result "1-0"]
[WhiteElo "2196"]
[BlackElo "2053"]
[PlyCount "93"]
[EventDate "2010.??.??"]

1. d4 e6 2. Nf3 f5 3. g3 Nf6 4. Bg2 Be7 5. O-O O-O 6. c4 d5 7. b3 c6 8. Bb2 a5
9. Nc3 Ne4 10. Qc2 Nd7 11. e3 Nd6 12. Ne5 Bf6 13. Na4 Nf7 14. f4 Nd6 15. Ba3
Be7 16. Rac1 Ne4 17. Bxe7 Qxe7 18. Nxd7 Bxd7 19. Nb6 Ra6 20. c5 Be8 21. Bf3 g5
22. Bxe4 fxe4 23. fxg5 Bh5 24. Rxf8+ Kxf8 25. Rf1+ Bf3 26. h4 Kg8 27. Qh2 e5
28. g4 exd4 29. exd4 Qe6 30. Qb8+ Kg7 31. Qf4 Qxg4+ 32. Qxg4 Bxg4 33. Kg2 Be2
34. Rf2 Bd1 35. Rf1 Be2 36. Re1 Bf3+ 37. Kg3 h6 38. Kf4 Kg6 39. Rg1 hxg5+ 40.
hxg5 Bh5 41. Rh1 Be2 42. Rh6+ Kg7 43. Re6 Kf7 44. Rd6 Bd3 45. Rd7+ Kg6 46. Rxb7
Bb1 47. Nd7 1-0

[Event "Veteranen- en  Seniorenkampioenschap 20"]
[Site "Oosterbeek, Netherlands"]
[Date "2010.07.15"]
[Round "6"]
[White "Haitsma, Anne"]
[Black "Etmans, Maarten"]
[Result "1/2-1/2"]
[WhiteElo "1988"]
[BlackElo "2054"]
[PlyCount "106"]
[EventDate "2010.??.??"]

1. d4 e6 2. c4 Bb4+ 3. Bd2 a5 4. Nc3 f5 5. a3 Bxc3 6. Bxc3 Nf6 7. b3 d6 8. Nf3
O-O 9. e3 Qe8 10. Be2 Nbd7 11. O-O e5 12. b4 axb4 13. axb4 Rxa1 14. Bxa1 Kh8
15. dxe5 dxe5 16. Qb1 e4 17. Nd4 Ne5 18. Nb5 Qe7 19. Qb2 Nd3 20. Bxd3 exd3 21.
Rd1 Be6 22. Qe5 Ng4 23. Qc3 c6 24. Na3 Rd8 25. h3 Nf6 26. Rxd3 Rxd3 27. Qxd3
Qxb4 28. Qd8+ Ng8 29. Qd4 Qe7 30. Nb1 Nf6 31. Nd2 h6 32. Nf3 Kh7 33. Qe5 Nd7
34. Qc3 c5 35. Nd2 Qf7 36. Qb3 b6 37. Qb5 f4 38. e4 f3 39. Nxf3 Bxc4 40. Qc6
Be6 41. Bb2 Qg6 42. Ne5 Nxe5 43. Bxe5 Bf5 44. Qxg6+ Bxg6 45. f3 Be8 46. Kf2 Kg6
47. h4 h5 48. Ke3 Kf7 49. Bc7 b5 50. Bd6 c4 51. Kd4 Ke6 52. Bf8 g6 53. Bb4 Bd7
1/2-1/2

[Event "Veteranen- en  Seniorenkampioenschap 20"]
[Site "Oosterbeek, Netherlands"]
[Date "2010.07.15"]
[Round "6"]
[White "Landsbergen, Ron"]
[Black "Voorberg, Kees"]
[Result "1/2-1/2"]
[WhiteElo "1992"]
[BlackElo "1951"]
[PlyCount "25"]
[EventDate "2010.??.??"]

1. d4 Nf6 2. Nf3 g6 3. Bf4 Bg7 4. e3 O-O 5. h3 d6 6. Be2 c5 7. c3 Qb6 8. Qb3
Be6 9. Qxb6 axb6 10. a3 Nh5 11. Bh2 Nf6 12. Nbd2 Nc6 13. O-O 1/2-1/2

[Event "Veteranen- en  Seniorenkampioenschap 20"]
[Site "Oosterbeek, Netherlands"]
[Date "2010.07.15"]
[Round "6"]
[White "Duijn, Roel van"]
[Black "Arp, Frans"]
[Result "1/2-1/2"]
[WhiteElo "2056"]
[BlackElo "2100"]
[PlyCount "60"]
[EventDate "2010.??.??"]

1. e4 e5 2. f4 exf4 3. Bc4 Nf6 4. Nc3 d5 5. Nxd5 Nxd5 6. Bxd5 Qh4+ 7. Kf1 c6 8.
Nf3 Qh5 9. Bb3 Bg4 10. d4 g5 11. h4 Bg7 12. c3 Nd7 13. Kf2 Nf6 14. hxg5 Nxe4+
15. Kg1 Qxh1+ 16. Kxh1 Nf2+ 17. Kg1 Nxd1 18. Bxd1 h5 19. Bxf4 O-O-O 20. Bb3
Rdf8 21. Re1 Bxf3 22. gxf3 Kd7 23. g6 c5 24. dxc5 fxg6 25. Bd6 Bf6 26. Ba4+ Kc8
27. Bxf8 Rxf8 28. Re8+ Rxe8 29. Bxe8 h4 30. Bxg6 Be7 1/2-1/2

[Event "Veteranen- en  Seniorenkampioenschap 20"]
[Site "Oosterbeek, Netherlands"]
[Date "2010.07.15"]
[Round "6"]
[White "Scholten, Karel"]
[Black "Caljé, Tom"]
[Result "1-0"]
[WhiteElo "1961"]
[BlackElo "1995"]
[PlyCount "35"]
[EventDate "2010.??.??"]

1. e4 Nc6 2. Nf3 Nf6 3. e5 Ng4 4. d4 d6 5. h3 Nh6 6. exd6 Qxd6 7. Nc3 a6 8. d5
Ne5 9. Nxe5 Qxe5+ 10. Qe2 Qxe2+ 11. Bxe2 Bf5 12. Bf4 O-O-O 13. O-O-O Ng8 14. g4
Bg6 15. Be5 Nf6 16. f4 Be4 17. Rhg1 h6 18. Bxf6 1-0

[Event "Veteranen- en  Seniorenkampioenschap 20"]
[Site "Oosterbeek, Netherlands"]
[Date "2010.07.15"]
[Round "6"]
[White "Mostertman, Loek"]
[Black "Peut, Aart van de"]
[Result "1-0"]
[WhiteElo "2111"]
[BlackElo "1886"]
[PlyCount "95"]
[EventDate "2010.??.??"]

1. d4 e6 2. e4 d5 3. Nd2 c5 4. Ngf3 cxd4 5. exd5 Qxd5 6. Bc4 Qd6 7. O-O Nf6 8.
Nb3 Nc6 9. Nbxd4 Nxd4 10. Nxd4 a6 11. b3 Qc7 12. Qe2 Bd6 13. Nf5 Bxh2+ 14. Kh1
O-O 15. Nxg7 Kxg7 16. Bb2 Qf4 17. g3 Qh6 18. Qg4+ Kh8 19. Bxf6+ Qxf6 20. Kxh2
e5 21. Qh5 Bf5 22. Rae1 Bxc2 23. Qxe5 Qxe5 24. Rxe5 Bg6 25. a4 Rfe8 26. Rfe1
Rxe5 27. Rxe5 Kg7 28. Re7 Rb8 29. a5 Kf6 30. Rd7 h5 31. Bd5 b6 32. Rd6+ Ke5 33.
Rxb6 Rd8 34. Bf3 Bd3 35. Kg2 Rh8 36. Bb7 h4 37. Bxa6 Be4+ 38. f3 h3+ 39. Kh2
Bxf3 40. Bb7 Bg4 41. Rb5+ Kf6 42. Rb4 Kg5 43. Rf4 Rd8 44. Rf2 Bc8 45. Bxc8 Rxc8
46. a6 Ra8 47. Ra2 Kf6 48. b4 1-0

[Event "Veteranen- en  Seniorenkampioenschap 20"]
[Site "Oosterbeek, Netherlands"]
[Date "2010.07.15"]
[Round "6"]
[White "Boer, Jacob de"]
[Black "Goossen, Theo"]
[Result "0-1"]
[WhiteElo "1928"]
[BlackElo "2041"]
[PlyCount "110"]
[EventDate "2010.??.??"]

1. d4 d5 2. c4 c6 3. Nf3 e6 4. e3 Bd6 5. Nc3 f5 6. Bd3 Nf6 7. Qc2 Ne4 8. O-O
O-O 9. Ne5 Rf6 10. f3 Nxc3 11. bxc3 Nd7 12. f4 Rh6 13. Qf2 Nf6 14. h3 Be7 15.
Bd2 Nd7 16. Be1 Bh4 17. Qe2 Nxe5 18. Bxh4 Qxh4 19. dxe5 g5 20. Qf2 Qh5 21. Qf3
Qh4 22. Qf2 b6 23. Qxh4 gxh4 24. cxd5 exd5 25. Kh2 Rg6 26. Rf3 Kf7 27. g4 hxg3+
28. Rxg3 Be6 29. Rxg6 hxg6 30. h4 c5 31. Kg3 Rd8 32. a4 c4 33. Be2 Rc8 34. a5
b5 35. Rb1 Bd7 36. h5 gxh5 37. Bxh5+ Ke6 38. Bf3 Rh8 39. Rd1 Bc6 40. e4 Rg8+
41. Kf2 fxe4 42. Bxe4 Rf8 43. Ke3 Rh8 44. Rh1 Rxh1 45. Bxh1 d4+ 46. Kxd4 Bxh1
47. a6 Bc6 48. Kc5 Be8 49. Kd4 Bc6 50. Kc5 Bd7 51. Kd4 Bc8 52. Kc5 Bxa6 53. Kb4
Kd5 54. Ka5 Bc8 55. Kxb5 Be6 0-1

[Event "Veteranen- en  Seniorenkampioenschap 20"]
[Site "Oosterbeek, Netherlands"]
[Date "2010.07.15"]
[Round "6"]
[White "Taal, Anne Paul"]
[Black "Plijter, Martin"]
[Result "1-0"]
[WhiteElo "1944"]
[BlackElo "1940"]
[PlyCount "89"]
[EventDate "2010.??.??"]

1. d4 Nf6 2. Nf3 d5 3. e3 e6 4. Bd3 Bd6 5. Nbd2 Nbd7 6. e4 dxe4 7. Nxe4 Nxe4 8.
Bxe4 Nf6 9. Bd3 O-O 10. O-O h6 11. Qe2 b6 12. Ba6 Bxa6 13. Qxa6 Qc8 14. Qe2 c5
15. dxc5 Qxc5 16. Re1 Rac8 17. c3 e5 18. Nd2 Bc7 19. Nf1 Rfe8 20. Be3 Qc6 21.
Rad1 Qe6 22. a3 Nd5 23. c4 Nf6 24. b3 Bd6 25. a4 Ng4 26. Rxd6 Qxd6 27. Qxg4
Rcd8 28. Nd2 Re6 29. Qe2 Qb4 30. g3 f5 31. Qh5 Rf6 32. Qh4 g5 33. Bxg5 hxg5 34.
Qxg5+ Kf7 35. Nf3 e4 36. Qh5+ Ke7 37. Qh7+ Rf7 38. Qh4+ Ke8 39. Qh8+ Qf8 40.
Qe5+ Re7 41. Qb5+ Kf7 42. Qxf5+ Ke8 43. Qb5+ Kf7 44. Ne5+ Kg8 45. Ng6 1-0

[Event "Veteranen- en  Seniorenkampioenschap 20"]
[Site "Oosterbeek, Netherlands"]
[Date "2010.07.15"]
[Round "6"]
[White "Monté, Peter"]
[Black "Leeuwen, Etienne van"]
[Result "0-1"]
[WhiteElo "2007"]
[BlackElo "2057"]
[PlyCount "76"]
[EventDate "2010.??.??"]

1. f4 e5 2. e4 exf4 3. Nf3 h6 4. d4 g5 5. g3 d6 6. gxf4 g4 7. Ng1 Qh4+ 8. Ke2
Bg7 9. Be3 Nc6 10. c3 Bd7 11. Bg2 O-O-O 12. Nd2 f5 13. e5 dxe5 14. fxe5 Nge7
15. Qb3 f4 16. Bxf4 Nf5 17. Be3 Nxe3 18. Kxe3 Rhe8 19. Ne4 Be6 20. Qc2 h5 21.
Qf2 Bh6+ 22. Ke2 Bc4+ 23. Ke1 Qe7 24. Ne2 Rf8 25. Qg3 Bxe2 26. Kxe2 Bf4 27. Qe1
h4 28. h3 g3 29. Rf1 Qe6 30. b3 Nxd4+ 31. cxd4 Qa6+ 32. Kd1 Rxd4+ 33. Kc2 Qd3+
34. Kb2 Rd5 35. a3 Bxe5+ 36. Nc3 Re8 37. Rd1 Bxc3+ 38. Qxc3 Re2+ 0-1

[Event "Veteranen- en  Seniorenkampioenschap 20"]
[Site "Oosterbeek, Netherlands"]
[Date "2010.07.15"]
[Round "6"]
[White "Scheeren, Fred"]
[Black "Wouters, Jan"]
[Result "0-1"]
[WhiteElo "2005"]
[BlackElo "1923"]
[PlyCount "90"]
[EventDate "2010.??.??"]

1. e4 c6 2. d4 d5 3. Nd2 dxe4 4. Nxe4 Nf6 5. Nxf6+ gxf6 6. Be2 Bf5 7. Bf3 e6 8.
Ne2 Qc7 9. Ng3 Bg6 10. c4 Nd7 11. Bd2 O-O-O 12. Qa4 Nb6 13. Qxa7 Nxc4 14. Bc3
Qb8 15. Qa4 Nb6 16. Qb3 Nd5 17. Ne2 Nxc3 18. bxc3 Qd6 19. O-O Bd3 20. Rfd1 Ba6
21. Rab1 Rg8 22. c4 Rg5 23. Ng3 Ra5 24. Qc2 f5 25. Be2 Qa3 26. d5 Qxa2 27. Rb2
Qa4 28. Qb1 Rd7 29. dxc6 Rxd1+ 30. Bxd1 Qxc6 31. Bf3 Qc7 32. Ra2 Rxa2 33. Qxa2
Qxc4 34. Qa1 Bg7 35. Qb1 Bd4 36. Be2 Qc5 37. Bxa6 Bxf2+ 38. Kf1 bxa6 39. Ne2
Qb6 40. Qc2+ Kb7 41. Nf4 Bd4 42. Ne2 Bc5 43. Nc3 Qb4 44. g3 Qc4+ 45. Kg2 Bb4
0-1

[Event "Veteranen- en  Seniorenkampioenschap 20"]
[Site "Oosterbeek, Netherlands"]
[Date "2010.07.16"]
[Round "7"]
[White "Landsbergen, Ron"]
[Black "Vlam, Horatio"]
[Result "1-0"]
[WhiteElo "1992"]
[BlackElo "2086"]
[PlyCount "97"]
[EventDate "2010.??.??"]

1. d4 Nf6 2. Nf3 g6 3. Bf4 Bg7 4. e3 O-O 5. h3 b6 6. Nbd2 Bb7 7. Be2 d6 8. O-O
c5 9. c3 Nc6 10. Qc2 Rc8 11. Rfd1 cxd4 12. exd4 Nd5 13. Be3 Nxe3 14. fxe3 Nb4
15. Qb3 Nd5 16. e4 Nf6 17. Bd3 e5 18. dxe5 dxe5 19. Nxe5 Qe7 20. Nef3 Nxe4 21.
Nxe4 Bxe4 22. Bxe4 Qxe4 23. Re1 Qc6 24. Re2 Rfe8 25. Rae1 Rxe2 26. Rxe2 h6 27.
Rd2 a5 28. Qd5 Qc5+ 29. Qxc5 Rxc5 30. Nd4 Rd5 31. Kf2 Bxd4+ 32. cxd4 Kg7 33.
Ke3 Kf6 34. Kd3 Ke6 35. a4 b5 36. axb5 Rxb5 37. Kc4 Rf5 38. d5+ Kd6 39. Kb5
Rxd5+ 40. Rxd5+ Kxd5 41. Kxa5 f5 42. b4 Kc6 43. Ka6 Kc7 44. b5 Kb8 45. Kb6 g5
46. Kc6 g4 47. Kd5 Kc7 48. Ke5 gxh3 49. gxh3 1-0

[Event "Veteranen- en  Seniorenkampioenschap 20"]
[Site "Oosterbeek, Netherlands"]
[Date "2010.07.16"]
[Round "7"]
[White "Berg, Ad van den"]
[Black "Haitsma, Anne"]
[Result "1-0"]
[WhiteElo "2211"]
[BlackElo "1988"]
[PlyCount "143"]
[EventDate "2010.??.??"]

1. e4 e5 2. Nf3 Nc6 3. Nc3 Nf6 4. Bb5 Nd4 5. Ba4 Bc5 6. d3 Qe7 7. Bg5 c6 8. O-O
O-O 9. Nxd4 Bxd4 10. Ne2 Bb6 11. Ng3 Qe6 12. Bb3 d5 13. Bxf6 Qxf6 14. exd5 Qf4
15. dxc6 bxc6 16. Qe2 Bg4 17. Qe4 Qxe4 18. Nxe4 Rad8 19. Rfe1 h6 20. a4 a5 21.
Nd2 Bc7 22. Re4 Bd7 23. Rae1 Rfe8 24. Kf1 Kf8 25. h3 f6 26. R4e3 Rb8 27. Re4
Rbd8 28. f3 Rb8 29. g4 Rbd8 30. Kg2 Bb6 31. h4 g6 32. g5 Kg7 33. gxf6+ Kxf6 34.
Rc4 Kg7 35. Ne4 Be6 36. Rxc6 Bxb3 37. Rxb6 Bxa4 38. Ra1 Bxc2 39. Rb7+ Kf8 40.
Rxa5 Bxd3 41. Nf2 e4 42. Raa7 exf3+ 43. Kg3 h5 44. b4 Be2 45. b5 Rd6 46. b6 Rf6
47. Rh7 Kg8 48. b7 Ra6 49. Re7 Rb8 50. Rxa6 Bxa6 51. Re6 Bxb7 52. Rxg6+ Kf7 53.
Rb6 Rg8+ 54. Kf4 Ba8 55. Rh6 Rg2 56. Ke3 Rg1 57. Rxh5 Re1+ 58. Kf4 Re2 59. Kg3
Ra2 60. Re5 Kg6 61. Rg5+ Kf7 62. Rc5 Kg7 63. Rc7+ Kg6 64. Rc8 Bb7 65. Rg8+ Kh7
66. Rg5 Rb2 67. h5 Rb1 68. Rc5 Rg1+ 69. Kh4 Rg2 70. Rc7+ Rg7 71. Rc5 Rg2 72.
Nh3 1-0

[Event "Veteranen- en  Seniorenkampioenschap 20"]
[Site "Oosterbeek, Netherlands"]
[Date "2010.07.16"]
[Round "7"]
[White "Etmans, Maarten"]
[Black "Homs, Guust"]
[Result "0-1"]
[WhiteElo "2054"]
[BlackElo "2189"]
[PlyCount "78"]
[EventDate "2010.??.??"]

1. e4 e5 2. Nf3 Nc6 3. Bb5 a6 4. Ba4 d6 5. Qe2 Be7 6. c3 f5 7. d3 Nf6 8. Bg5
O-O 9. Nbd2 h6 10. Bxf6 Bxf6 11. b4 Ne7 12. Bb3+ Kh8 13. O-O Ng6 14. Qe3 Qe8
15. exf5 Bxf5 16. Ne4 Be7 17. d4 Bg4 18. Ned2 exd4 19. cxd4 Bf6 20. Bc2 Qxe3
21. fxe3 Ne7 22. Rab1 Nd5 23. Rfe1 Rae8 24. Rb3 c6 25. e4 Nc7 26. a4 Bh5 27. e5
dxe5 28. dxe5 Be7 29. Be4 Bf7 30. Rbb1 Rd8 31. Nf1 Nd5 32. Bxd5 Bxd5 33. N1d2
Rf4 34. b5 Rxa4 35. bxa6 b5 36. Ra1 Ra8 37. Rxa4 bxa4 38. e6 Rxa6 39. Ne5 Kh7
0-1

[Event "Veteranen- en  Seniorenkampioenschap 20"]
[Site "Oosterbeek, Netherlands"]
[Date "2010.07.16"]
[Round "7"]
[White "Voorberg, Kees"]
[Black "Scholten, Karel"]
[Result "1/2-1/2"]
[WhiteElo "1951"]
[BlackElo "1961"]
[PlyCount "39"]
[EventDate "2010.??.??"]

1. c4 Nf6 2. g3 e6 3. Bg2 d5 4. Nf3 Be7 5. O-O O-O 6. d4 c6 7. Qc2 Nbd7 8. Nbd2
b6 9. b3 Bb7 10. Rd1 Rc8 11. a4 Qc7 12. Ba3 Bxa3 13. Rxa3 c5 14. Raa1 dxc4 15.
Nxc4 cxd4 16. Rxd4 Bxf3 17. Bxf3 Ne5 18. Bg2 Nc6 19. Bxc6 Qxc6 20. Rad1 1/2-1/2

[Event "Veteranen- en  Seniorenkampioenschap 20"]
[Site "Oosterbeek, Netherlands"]
[Date "2010.07.16"]
[Round "7"]
[White "Klein, Ron"]
[Black "Mostertman, Loek"]
[Result "1/2-1/2"]
[WhiteElo "2053"]
[BlackElo "2111"]
[PlyCount "50"]
[EventDate "2010.??.??"]

1. d4 Nf6 2. Bg5 Ne4 3. Bh4 g5 4. f3 gxh4 5. fxe4 e5 6. e3 Bh6 7. Qh5 Qg5 8.
Qxg5 Bxg5 9. Nc3 Bxe3 10. Nd5 Bxg1 11. Rxg1 Kd8 12. O-O-O exd4 13. Rxd4 Nc6 14.
Rd2 Ne5 15. Be2 d6 16. Ne3 Rg8 17. Nc4 Nxc4 18. Bxc4 Be6 19. Bxe6 fxe6 20. Rf1
Ke7 21. Rf4 h3 22. g3 Raf8 23. Rh4 Rg7 24. Re2 Rf1+ 25. Kd2 e5 1/2-1/2

[Event "Veteranen- en  Seniorenkampioenschap 20"]
[Site "Oosterbeek, Netherlands"]
[Date "2010.07.16"]
[Round "7"]
[White "Arp, Frans"]
[Black "Taal, Anne Paul"]
[Result "1-0"]
[WhiteElo "2100"]
[BlackElo "1944"]
[PlyCount "69"]
[EventDate "2010.??.??"]

1. e4 c5 2. Nf3 e6 3. d4 cxd4 4. Nxd4 Nf6 5. Nc3 Nc6 6. Be3 Bb4 7. Bd3 Ne5 8.
O-O Nxd3 9. cxd3 O-O 10. e5 Bxc3 11. bxc3 Nd5 12. Bd2 d6 13. f4 f6 14. Qg4 f5
15. Qg3 Ne7 16. h4 d5 17. Rab1 a6 18. Nf3 b5 19. c4 Nc6 20. Kh1 dxc4 21. dxc4
bxc4 22. Bc3 Ra7 23. Rfd1 Rd7 24. Rd6 Qc7 25. Rbd1 Rff7 26. h5 Nd8 27. Ng5 Rfe7
28. h6 g6 29. Qh4 Nf7 30. Nxf7 Rxf7 31. Kh2 Qb7 32. a3 Qc7 33. Bb4 a5 34. Rc6
axb4 35. Rxc7 1-0

[Event "Veteranen- en  Seniorenkampioenschap 20"]
[Site "Oosterbeek, Netherlands"]
[Date "2010.07.16"]
[Round "7"]
[White "Goossen, Theo"]
[Black "Duijn, Roel van"]
[Result "0-1"]
[WhiteElo "2041"]
[BlackElo "2056"]
[PlyCount "40"]
[EventDate "2010.??.??"]

1. e4 e6 2. d4 d5 3. Nd2 Nf6 4. Bd3 c5 5. e5 Nfd7 6. c3 Nc6 7. Ne2 cxd4 8. cxd4
f6 9. exf6 Nxf6 10. Nf3 Bd6 11. O-O O-O 12. Ng3 e5 13. dxe5 Nxe5 14. Nxe5 Bxe5
15. Re1 Ng4 16. h3 Bxg3 17. fxg3 Qb6+ 18. Be3 Nxe3 19. Bxh7+ Kxh7 20. Qd3+ Nf5+
0-1

[Event "Veteranen- en  Seniorenkampioenschap 20"]
[Site "Oosterbeek, Netherlands"]
[Date "2010.07.16"]
[Round "7"]
[White "Leeuwen, Etienne van"]
[Black "Wouters, Jan"]
[Result "1-0"]
[WhiteElo "2057"]
[BlackElo "1923"]
[PlyCount "127"]
[EventDate "2010.??.??"]

1. e4 c6 2. d4 d5 3. Nc3 dxe4 4. Nxe4 Nf6 5. Nxf6+ gxf6 6. c3 Bf5 7. Nf3 h5 8.
g3 e6 9. Bg2 Be4 10. O-O Be7 11. Bf4 Nd7 12. Qb3 Qb6 13. Rfe1 Qxb3 14. axb3 f5
15. b4 Nb6 16. Ne5 Bxg2 17. Kxg2 Nd5 18. Bd2 Rg8 19. Kf3 a6 20. h4 Rd8 21. Nd3
Nf6 22. Bg5 Ne4 23. Bxe7 Kxe7 24. Nc5 Nxc5 25. bxc5 Rg4 26. Rad1 Rd5 27. Rd2
Kf6 28. Rde2 Rg8 29. Re5 Rgd8 30. Kf4 R8d7 31. Rxd5 Rxd5 32. f3 Rd8 33. g4 hxg4
34. fxg4 fxg4 35. Rg1 Rd5 36. Kxg4 Rf5 37. Rg3 Kg6 38. Kh3+ Kf6 39. Rg8 Rf2 40.
h5 Rf3+ 41. Kg2 Rf5 42. h6 Rh5 43. Rb8 Rxh6 44. Rxb7 e5 45. Rb6 Rg6+ 46. Kf3
Kf5 47. dxe5 Kxe5 48. Rxa6 Kd5 49. b4 Re6 50. Kf4 Kc4 51. Ra3 Kd5 52. Kf5 Kc4
53. Kg5 Rg6+ 54. Kf4 Rf6+ 55. Ke5 Re6+ 56. Kf5 Rg6 57. Ra7 Kxc3 58. Rxf7 Rg1
59. Rb7 Kc4 60. Ke6 Rd1 61. Rd7 Rb1 62. Kd6 Rxb4 63. Kxc6 Rb5 64. Rd4+ 1-0

[Event "Veteranen- en  Seniorenkampioenschap 20"]
[Site "Oosterbeek, Netherlands"]
[Date "2010.07.16"]
[Round "7"]
[White "Caljé, Tom"]
[Black "Plijter, Martin"]
[Result "1/2-1/2"]
[WhiteElo "1995"]
[BlackElo "1940"]
[PlyCount "86"]
[EventDate "2010.??.??"]

1. e4 e6 2. d3 d5 3. Nd2 Nf6 4. Ngf3 c5 5. g3 Nc6 6. Bg2 Be7 7. O-O O-O 8. Re1
b5 9. e5 Nd7 10. Nf1 Bb7 11. h4 h6 12. N1h2 Qc7 13. Bf4 Rfd8 14. Ng4 Nf8 15. h5
Nh7 16. Qd2 Bf8 17. a3 a5 18. a4 b4 19. c3 d4 20. c4 Ne7 21. Nf6+ Kh8 22. Ne4
Bxe4 23. Rxe4 Ng8 24. g4 Be7 25. Kh1 Re8 26. Rg1 Qd8 27. b3 Ra7 28. Bh3 Ng5 29.
Nxg5 Bxg5 30. Bxg5 hxg5 31. f4 f6 32. fxg5 fxg5 33. Rf1 Nh6 34. Ree1 Rf7 35.
Rxf7 Nxf7 36. Qe2 Nh6 37. Rf1 Rf8 38. Qe4 Rxf1+ 39. Bxf1 Qf8 40. Bg2 Qf2 41.
Qa8+ Ng8 42. Qe4 Nh6 43. Qa8+ Ng8 1/2-1/2

[Event "Veteranen- en  Seniorenkampioenschap 20"]
[Site "Oosterbeek, Netherlands"]
[Date "2010.07.16"]
[Round "7"]
[White "Peut, Aart van de"]
[Black "Boer, Jacob de"]
[Result "1/2-1/2"]
[WhiteElo "1886"]
[BlackElo "1928"]
[PlyCount "94"]
[EventDate "2010.??.??"]

1. e4 e6 2. d4 d5 3. e5 c5 4. c3 Nc6 5. Nf3 Qb6 6. Be2 cxd4 7. cxd4 Nh6 8. Nc3
Nf5 9. Bb5 Be7 10. g4 Nh4 11. Nxh4 Bxh4 12. Be3 Be7 13. a3 Bd7 14. Bxc6 Bxc6
15. Qe2 a5 16. O-O Qd8 17. f4 Qd7 18. f5 O-O-O 19. Qc2 Kb8 20. b4 axb4 21. axb4
Bxb4 22. Rfb1 Bxc3 23. Qxc3 exf5 24. Bf4 Qe6 25. Qc5 g6 26. Ra7 g5 27. Qa5 Kc8
28. Bxg5 Rdg8 29. Raxb7 Bxb7 30. Rc1+ Kb8 31. Qc7+ Ka8 32. Rb1 Qa6 33. h4 h6
34. Rb6 hxg5 35. Rxa6+ Bxa6 36. Qxf7 gxh4 37. Qxf5 Bc8 38. e6 Bb7 39. e7 Bc6
40. g5 Re8 41. Qf7 Kb7 42. g6 Kc8 43. g7 Rhg8 44. Kh2 Kc7 45. Kh3 Kd6 46. Qg6+
Kd7 47. Qf7 Kd6 1/2-1/2